Experimental study of some factors in suggestion/ (Record no. 17063)
[ view plain ]
| 000 -LEADER | |
|---|---|
| fixed length control field | 00360nam a2200133Ia 4500 |
| 008 - FIXED-LENGTH DATA ELEMENTS--GENERAL INFORMATION | |
| fixed length control field | 190923s9999||||xx |||||||||||||| ||und|| |
| 100 ## - MAIN ENTRY--AUTHOR NAME | |
| Personal name | Patel, A. S. |
| 245 #0 - TITLE STATEMENT | |
| Title | Experimental study of some factors in suggestion/ |
| 260 ## - PUBLICATION, DISTRIBUTION, ETC. (IMPRINT) | |
| Place of publication | Baroda: |
| Name of publisher | Maharaja Sayajirao University, |
| Year of publication | 1958 |
| 300 ## - PHYSICAL DESCRIPTION | |
| Number of Pages | 34 |
| 650 ## - SUBJECT ADDED ENTRY--TOPICAL TERM | |
| Topical Term | Psychology |
| 942 ## - ADDED ENTRY ELEMENTS (KOHA) | |
| Koha item type | Books |
| Lost status | Damaged status | Not for loan | Collection code | Permanent Location | Current Location | Shelving location | Cost, normal purchase price | Full call number | Accession Number | Koha item type |
|---|---|---|---|---|---|---|---|---|---|---|
| RIE AJMER LIBRARY | RIE AJMER LIBRARY | General Stacks | 1.25 | 150.72 PAT-E | 21070 | Books |
